| 000 | 00581nam a2200181 i 4500 | ||
|---|---|---|---|
| 001 | 39796 | ||
| 003 | ES-MaACL | ||
| 005 | 20230906160102.0 | ||
| 007 | t| | ||
| 008 | 030304s1960 sp ||||1| spa d | ||
| 100 | 1 |
_aCantera Orive, Julián. _934643 |
|
| 245 | 1 | 3 |
_aUn obispo alavés en el siglo XI / _cpor Julián Cantera Orive. |
| 260 |
_aVitoria : _b[s.n., _c1960] |
||
| 300 |
_a96 p., 7 lám. ; _c25 cm. |
||
| 500 | _aPrecede al tít.: Diputación Foral de Alava, Consejo de Cultura. | ||
| 710 | 1 |
_aÁlava. _bConsejo de Cultura. _91309 |
|
| 852 |
_aES-MaACL _jC-19143 _bR.46419 |
||
| 999 |
_c39796 _d39796 |
||